01176nam a2200289 a 4500001001000000003000900010005001700019007000300036008003800039020001800077040002600095082003100121100003200152245010100184260007500285300003500360500004200395590002800437600006600465600006400531651004600595700005000641910004000691942001200731952012600743999001700869000038932DO-SdBNP20240126104339.0ta130506s2011 Q ac 000 0 spa d a9789942070234 aDO-SdBNPbspacBPMSU  a923.5866 bA385e 20112221 aAlfaro, Eloy, d1842-1912. 10aEscritos políticos /bEloy Alvaro ; introducción y selección de Jorge Núñez Sánchez. asanto Domingo :bBiblioteca Nacional Pedro Henríquez Ureña,c2013. a89 p. :bil., retrs. ;c23 cm. aIncluye notas al pie de las páginas aInventariado, 2023 / DG14aAlfaro, Eloy, d1842-1912 xPensamiento político y social. 14a Alfaro, Eloy, d1842-1912 xMemorias, correspondencia, etc 4aEcuadorxPolítica y gobierno xHistoria1 aNúñez Sánchez, Jorge e selección b  aVMateo V. Control de calidad. BPMSU 2ddccBK 00102ddc40708CGaBPMETbBPMETd2024-01-26l0oBPMSU CG 923.5866 A385e 2011pBPMSU24010044r2024-01-26w2024-01-26yBK c14544d14544